Municipios de la Región de Murcia (Mapa) - Statistics

General Stats
  • This quiz has been taken 179 times
    171 since last reset
  • The average score is 30 of 45
Answers on the Map
Answers color-coded by a green-red scale on the quiz's map according to % correct below.
 
Answer Stats
Hint Answer % Correct
Huerta de Murcia 474617 Murcia
99%
Campo de Cartagena 219777 Cartagena
98%
Alto Guadalentín 98334 Lorca
96%
Altiplano 35957 Yecla
89%
Mar Menor 35872 San Javier
86%
Alto Guadalentín 37417 Águilas
84%
Altiplano 27263 Jumilla
84%
Huerta de Murcia 43547 Alcantarilla
83%
Noroeste 25996 Caravaca de la Cruz
80%
Vega Alta 35361 Cieza
80%
Bajo Guadalentín 35099 Mazarrón
80%
Mar Menor 40074 Torre Pacheco
79%
Río Mula 17585 Mula
78%
Mar Menor 35872 San Pedro del Pinatar
78%
Campo de Cartagena 21153 La Unión
76%
Vega Media 77493 Molina de Segura
76%
Bajo Guadalentín 23578 Alhama de Murcia
75%
Mar Menor 19506 Los Alcázares
71%
Alto Guadalentín 17822 Puerto Lumbreras
71%
Bajo Guadalentín 33663 Totana
71%
Noroeste 10286 Calasparra
68%
Campo de Cartagena 18719 Fuente Álamo de Murcia
67%
Vega Media 12842 Ceutí
66%
Noroeste 7593 Moratalla
66%
Noroeste 14476 Cehegín
63%
Bajo Guadalentín 5777 Librilla
62%
Vega Media 7770 Lorquí
62%
Huerta de Murcia 16320 Santomera
62%
Oriental 11183 Fortuna
61%
Valle de Ricote 20976 Archena
60%
Valle de Ricote 1212 Ricote
60%
Vega Alta 6825 Blanca
59%
Vega Alta 13000 Abarán
58%
Noroeste 11793 Bullas
58%
Huerta de Murcia 11535 Beniel
56%
Oriental 6206 Abanilla
55%
Valle de Ricote 532 Ojós
54%
Vega Media 22406 Las Torres de Cotillas
53%
Bajo Guadalentín 1108 Aledo
47%
Valle de Ricote 3944 Villanueva del Río Segura
47%
Río Mula 3964 Pliego
46%
Valle de Ricote 891 Ulea
46%
Vega Media 10204 Alguazas
41%
Río Mula 2151 Campos del Río
41%
Río Mula 1400 Albudeite
39%
No matching quizzes found
Score Distribution
Percent of People with Each Score
Percentile by Number Answered
Your Score History
You have not taken this quiz since the last reset